000 00697nam a2200277Ia 4500
005 20260324124217.0
008 008 260324s9999 xx 000 0 eng d
020 _a9780203840764
037 _aEBOOK
040 _aCRL
040 _beng
040 _cCRL
041 _2eng
041 _aeng
084 _qCRL
100 _aShujie Yao; Wu Bin; Stephen Morgan; Dylan Sutherland
_91173270
245 0 _aSustainable Reform and Development in Post-Olympic China
260 _bTaylor and Francis
260 _c2010
365 _a
365 _b240
856 _uhttp://www.taylorfrancis.com/books/9780203840764
942 _cEBOOK
999 _c1767466
_d1767466